Normal view
MARC view
- Arruti, Arantza
Entry Nombre Personal
001 - NUMERO DE CONTROL
- campo de control: 46794
003 - IDENTIFICADOR DE NUMERO DE CONTROL
- campo de control: UPN
005 - FECHA Y HORA DE LA ÜLTIMA TRANSACCIÓN
- campo de control: 20220927083445.0
008 - DATOS DE LONGITUD FIJA
- campo de control de longitud fija: 220927|||az|nnaaan a aba d
040 ## - FUENTE DE CATALOGACIÓN
- Agencia original de catalogación: MX-MxUPN
- Lenguaje de catalogación: spa
- Description conventions: rda
100 1# - ENCABEZAMIENTO - NOMBRE PERSONAL
- Nombre personal: Arruti, Arantza
373 ## - GRUPO ASOCIADO
- Associated group: Universidad de Deusto. Departamento de Didáctica y Desarrollo Curricular
- Associated group: Universidad de Deusto. Unidad de Innovación Docente
375 ## - GÉNERO
- Gender: femenino
377 ## - LENGUA ASOCIADA
- Language code: spa
670 ## - FUENTE EN LA QUE SE LOCALIZARON DATOS
- Cita de la fuente: Respuestas innovadoras al nuevo perfil del estudiante universitario, 2021:
- Información localizada: portada (Arantza Arruti) página 13 (Arantza Arruti, profesora del Departamento de Didáctica y Desarrollo Curricular y miembro de la Unidad de Innovación Docente de la Universidad de Deusto)
902 ## - CATALOGADOR
- Catalogador: VAGG/270922
